[Event "24th ch-EUR Indiv w 2024"]
[Site "Rhodes GRE"]
[Date "2024.04.26"]
[Round "7.18"]
[White "Hejazipour, Mitra"]
[Black "Hryzlova, Sofiia"]
[Result "1-0"]
[WhiteTitle "WGM"]
[BlackTitle "WIM"]
[WhiteElo "2376"]
[BlackElo "2251"]
[WhiteFideId "12505951"]
[BlackFideId "14174669"]
[EventDate "2024.04.19"]

1. Nf3 Nf6 2. c4 e6 3. Nc3 d5 4. e3 a6 5. b3 Bd6 6. Bb2 b6 7. d4 Bb7 8. cxd5
exd5 9. Bd3 Nbd7 10. O-O O-O 11. Ne2 Re8 12. Ng3 g6 13. Rc1 Rc8 14. Qe2 Ne4 15.
Rfd1 h5 16. Nf1 Qe7 17. Rc2 a5 18. N3d2 Ndf6 19. f3 Ng5 20. Qf2 Ra8 21. Qh4 Ne6
22. Bb5 Red8 23. Re1 g5 24. Qf2 c5 25. Ng3 Ng7 26. Bd3 Re8 27. Bb5 Red8 28. e4
h4 29. Nf5 Nxf5 30. exf5 Qc7 31. Nf1 Nh5 32. Qd2 Bf4 33. Qd3 Rac8 34. f6 Qd6 35.
Re7 Rc7 36. dxc5 bxc5 37. Rce2 Rf8 38. Qf5 Bc8 39. Qd3 d4 40. Rxc7 Qxc7 41. Bc4
Kh8 42. Re7 Qd6 43. Rxf7 Rxf7 44. Bxf7 Nxf6 45. Qg6 Qe5 46. Qh6+ Nh7 47. Bg6 Qg7
48. Qh5 Ba6 49. g3 hxg3 50. hxg3 Bb8 51. Nd2 Bb7 52. Kf2 Qe7 53. Ne4 Bxe4 54.
Bxe4 Qc7 55. Qh3 Kg8 56. Qe6+ Kh8 57. Qe8+ Kg7 58. Qg6+ Kh8 59. Kf1 Qd7 60. Bf5
Qe7 61. g4 Bg3 62. Be4 Bf4 63. Ba3 Bd6 64. Qh6 Kg8 65. Qg6+ Kh8 66. Bc1 Bf4 67.
Bxf4 gxf4 68. Qxh7+ Qxh7 69. Bxh7 Kxh7 70. Ke2 Kg6 71. Kd3 Kf6 72. Ke4 Kg5 73.
a3 Kf6 74. Kxf4 a4 75. bxa4 c4 76. Ke4 Kg5 77. Kxd4 1-0

[Event "24th ch-EUR Indiv w 2024"]
[Site "Rhodes GRE"]
[Date "2024.04.26"]
[Round "7.19"]
[White "Terbe, Julianna"]
[Black "Mkrtchian, Lilit"]
[Result "1/2-1/2"]
[WhiteTitle "WIM"]
[BlackTitle "IM"]
[WhiteElo "2274"]
[BlackElo "2366"]
[WhiteFideId "708780"]
[BlackFideId "13300601"]
[EventDate "2024.04.19"]

1. Nf3 Nf6 2. c4 e6 3. g3 d5 4. d4 Bb4+ 5. Nbd2 O-O 6. Bg2 b6 7. a3 Be7 8. O-O
Bb7 9. b4 a5 10. b5 c6 11. Ne5 cxb5 12. cxb5 Nbd7 13. Bb2 Nxe5 14. dxe5 Nd7 15.
Nf3 Rc8 16. e3 Rc5 17. Nd4 Rc4 18. f4 Nc5 19. Rf2 Na4 20. Bf1 Nxb2 21. Rxb2 Rc3
22. Rb3 Qc7 23. Bd3 Rc8 24. Ne2 Rxb3 25. Qxb3 Qc5 26. Kf2 g6 1/2-1/2

[Event "24th ch-EUR Indiv w 2024"]
[Site "Rhodes GRE"]
[Date "2024.04.26"]
[Round "7.20"]
[White "Sieber, Fiona"]
[Black "Guichard, Pauline"]
[Result "1-0"]
[WhiteTitle "WGM"]
[BlackTitle "IM"]
[WhiteElo "2222"]
[BlackElo "2362"]
[WhiteFideId "12902373"]
[BlackFideId "639370"]
[EventDate "2024.04.19"]

1. e4 e5 2. Nf3 Nc6 3. d4 exd4 4. Nxd4 Nf6 5. Nxc6 bxc6 6. e5 Qe7 7. Qe2 Nd5 8.
h4 Qe6 9. Nd2 a5 10. g3 Nb4 11. Nf3 Qg6 12. Kd1 Ba6 13. c4 Bc5 14. h5 Qe6 15. a3
Nd5 16. Rh4 h6 17. Bd2 a4 18. Bh3 Qe7 19. Rg4 Nb6 20. Rc1 Qf8 21. e6 fxe6 22.
Rf4 Qd6 23. Ne5 Rf8 24. Ke1 Rxf4 25. Bxf4 Nd5 26. Rd1 Qe7 27. Qe4 Nxf4 28. Rxd7
Bxf2+ 29. Kxf2 Nxh3+ 30. Kg2 Qf6 31. Rf7 Qxe5 32. Qxe5 Kxf7 33. Qxc7+ Kf6 34.
Qxc6 Bxc4 35. Qxc4 Ng5 36. Qd3 Kf7 37. Kf2 Rb8 38. Qd7+ Kg8 39. Qd4 Rb3 40. g4
Rf3+ 41. Ke2 Rb3 42. Kd1 Kh7 43. Kc2 Rg3 44. Qf4 Rg2+ 45. Kc3 Rg3+ 46. Kc4 Rb3
47. Qd4 Kh8 48. Kc5 Kh7 49. Kd6 Rb8 50. Qxa4 Rxb2 51. Qc4 Rd2+ 52. Ke5 Rd5+ 53.
Kf4 e5+ 54. Kf5 Rd4 55. Qc3 Rd5 56. Qb3 Rc5 57. Qb6 Rc3 58. Qg6+ Kh8 59. Qa6
Rf3+ 60. Kxe5 Nf7+ 61. Kd5 Rf6 62. Qc8+ Kh7 63. a4 Rd6+ 64. Kc5 Rd1 65. Qf5+ Kg8
66. a5 Ra1 67. Kb6 Ra3 68. Qc8+ Kh7 69. Qc2+ Kh8 70. a6 Nd6 71. a7 Ra1 72. Qc5
Rb1+ 73. Kc6 1-0

[Event "24th ch-EUR Indiv w 2024"]
[Site "Rhodes GRE"]
[Date "2024.04.26"]
[Round "7.21"]
[White "Kulon, Klaudia"]
[Black "Gajcin, Marina"]
[Result "1-0"]
[WhiteTitle "IM"]
[BlackTitle "WGM"]
[WhiteElo "2348"]
[BlackElo "2224"]
[WhiteFideId "1131044"]
[BlackFideId "949086"]
[EventDate "2024.04.19"]

1. e4 c5 2. Nf3 Nc6 3. Bb5 g6 4. O-O Bg7 5. c3 Nf6 6. Re1 O-O 7. d4 d5 8. e5 Ne4
9. Bd3 cxd4 10. cxd4 Qb6 11. Nc3 Nxc3 12. bxc3 Qc7 13. Bf4 Na5 14. Rc1 Nc4 15.
Qe2 Bg4 16. h3 Bxf3 17. Qxf3 Qc6 18. h4 Nb2 19. Bb1 a5 20. h5 Qe6 21. g3 b5 22.
Kg2 b4 23. cxb4 axb4 24. h6 Bh8 25. Rc5 Na4 26. Rxd5 Nc3 27. Rc5 Ra3 28. Bd3
Nxa2 29. Re3 Qd7 30. Bc4 Rxe3 31. fxe3 Qa7 32. e6 Bf6 33. Be5 Qa8 34. exf7+ Kh8
35. Bxf6+ exf6 36. Rc6 f5 37. Qd5 Rxf7 38. Qe5+ Kg8 39. Qg7# 1-0

[Event "24th ch-EUR Indiv w 2024"]
[Site "Rhodes GRE"]
[Date "2024.04.26"]
[Round "7.22"]
[White "Follana Albelda, Lucia"]
[Black "Houska, Jovanka"]
[Result "0-1"]
[BlackTitle "IM"]
[WhiteElo "1954"]
[BlackElo "2340"]
[WhiteFideId "24516937"]
[BlackFideId "405094"]
[EventDate "2024.04.19"]

1. e4 c6 2. d4 d5 3. Nc3 dxe4 4. Nxe4 Nd7 5. Nf3 Ngf6 6. Nc3 Nb6 7. h3 Bf5 8.
Bd3 Bg6 9. Bf4 e6 10. a4 a5 11. O-O Bd6 12. Ne5 Nbd5 13. Nxd5 Nxd5 14. Bg3 O-O
15. Re1 Rc8 16. Qg4 Bxd3 17. Nxd3 Nf6 18. Qh4 Bxg3 19. fxg3 Nd5 20. Qg4 Nb4 21.
Nxb4 axb4 22. Re5 Qd6 23. Rf1 c5 24. Rxc5 Rxc5 25. dxc5 Qxc5+ 26. Kh2 Rd8 27.
Rf4 Qxc2 28. Rxb4 Qc6 29. Qf3 Rd5 30. b3 h6 31. Qf4 e5 32. Qe4 Qd7 33. Rc4 f5
34. Rc8+ Kh7 35. Qc4 e4 36. Rc5 Rd3 37. Re5 Qd6 38. Rxf5 Qxg3+ 39. Kg1 Qe3+ 40.
Kh2 Rxb3 41. Qf7 Qg3+ 42. Kg1 Rb2 43. Rf2 Rxf2 44. Qxf2 Qxf2+ 45. Kxf2 Kg6 46.
Ke3 Kf5 0-1

[Event "24th ch-EUR Indiv w 2024"]
[Site "Rhodes GRE"]
[Date "2024.04.26"]
[Round "7.23"]
[White "Hrebenshchykova, Yelyzaveta"]
[Black "Socko, Monika"]
[Result "0-1"]
[WhiteTitle "WIM"]
[BlackTitle "GM"]
[WhiteElo "2289"]
[BlackElo "2428"]
[WhiteFideId "14159899"]
[BlackFideId "1106619"]
[EventDate "2024.04.19"]

1. e4 e5 2. Nf3 Nc6 3. Bb5 a6 4. Ba4 d6 5. c3 f5 6. exf5 Bxf5 7. O-O Bd3 8. Re1
Be7 9. Re3 e4 10. Ne1 Bg5 11. Rh3 b5 12. Bc2 Bxc2 13. Qxc2 Nf6 14. d3 Bxc1 15.
Qxc1 d5 16. Qg5 O-O 17. Nd2 Qd7 18. Rg3 Rae8 19. dxe4 Re5 20. Qe3 dxe4 21. h3
Ne7 22. Rg5 Nf5 23. Qf4 Rfe8 24. g4 e3 25. Ndf3 exf2+ 26. Kxf2 Ne4+ 27. Kg1 Nxg5
28. Qxg5 Rd5 29. gxf5 Rxf5 30. Qd2 Qf7 31. Qd3 Rd5 32. Qc2 Re6 33. Rd1 Qg6+ 0-1

[Event "24th ch-EUR Indiv w 2024"]
[Site "Rhodes GRE"]
[Date "2024.04.26"]
[Round "7.24"]
[White "Peycheva, Gergana"]
[Black "Danielian, Elina"]
[Result "1/2-1/2"]
[WhiteTitle "FM"]
[BlackTitle "GM"]
[WhiteElo "2295"]
[BlackElo "2397"]
[WhiteFideId "2916711"]
[BlackFideId "13300210"]
[EventDate "2024.04.19"]

1. Nf3 Nf6 2. c4 c5 3. Nc3 Nc6 4. g3 g6 5. Bg2 Bg7 6. O-O O-O 7. d4 cxd4 8. Nxd4
Nxd4 9. Qxd4 d6 10. Qd2 Rb8 11. b3 Be6 12. Bb2 Qa5 13. Rfd1 Rfc8 14. Nb5 Qxd2
15. Rxd2 a6 16. Nd4 Bd7 17. Rc1 Rc7 18. e3 Rbc8 19. Bc3 b6 20. Ne2 Bc6 21. Bxc6
Rxc6 22. Rdc2 d5 23. Bxf6 Bxf6 24. Nd4 Rc5 25. a4 Kf8 26. Kf1 e5 27. Nf3 dxc4
28. Rxc4 Rxc4 29. Rxc4 Rxc4 30. bxc4 Ke7 31. Nd2 Bg7 32. e4 Kd6 33. Nb3 h5 34.
h3 Kc6 35. Ke2 Bf8 36. Kd3 Bb4 37. g4 hxg4 38. hxg4 Kd6 39. Ke2 Bc5 40. f3 Bb4
41. Kd3 1/2-1/2

[Event "24th ch-EUR Indiv w 2024"]
[Site "Rhodes GRE"]
[Date "2024.04.26"]
[Round "7.25"]
[White "Hoang, Thanh Trang"]
[Black "Kubicka, Anna"]
[Result "0-1"]
[WhiteTitle "GM"]
[BlackTitle "WIM"]
[WhiteElo "2382"]
[BlackElo "2292"]
[WhiteFideId "12400149"]
[BlackFideId "1152254"]
[EventDate "2024.04.19"]

1. d4 Nf6 2. Nf3 g6 3. g3 Bg7 4. Bg2 O-O 5. O-O d6 6. a4 a5 7. Re1 Nc6 8. e4 e5
9. c3 Bg4 10. h3 Bxf3 11. Bxf3 exd4 12. cxd4 Nd7 13. d5 Nb4 14. Nc3 Nc5 15. Bg2
Nbd3 16. Re2 Nxc1 17. Rxc1 Qd7 18. Nb5 Rae8 19. f4 b6 20. Kh2 Re7 21. Qc2 f5 22.
Rce1 fxe4 23. Bxe4 Rfe8 24. Bf3 Rxe2+ 25. Rxe2 Rxe2+ 26. Qxe2 Nxa4 27. Bg4 Qd8
28. Nxc7 Nc5 29. Ne6 Qf6 30. Nxc5 bxc5 31. Qe8+ Bf8 32. Be6+ Kg7 33. Kh1 h5 34.
h4 Kh6 35. Qb8 c4 36. Qc8 Bg7 37. Qxc4 Qxb2 38. f5 Qa1+ 39. Kg2 Bd4 40. Qe2 Qg1+
41. Kf3 Qh1+ 42. Kf4 Be5+ 43. Ke3 Qg1+ 44. Kd2 Qd4+ 45. Ke1 Bxg3+ 46. Kf1 Qxh4
47. Kg1 Qh2+ 0-1

[Event "24th ch-EUR Indiv w 2024"]
[Site "Rhodes GRE"]
[Date "2024.04.26"]
[Round "7.26"]
[White "Gaal, Zsoka"]
[Black "Sandu, Mihaela"]
[Result "1-0"]
[WhiteTitle "WIM"]
[BlackTitle "WGM"]
[WhiteElo "2356"]
[BlackElo "2253"]
[WhiteFideId "777765"]
[BlackFideId "1204327"]
[EventDate "2024.04.19"]

1. d4 Nf6 2. c4 e6 3. Nc3 Bb4 4. e3 b6 5. Ne2 Ba6 6. Ng3 Bxc3+ 7. bxc3 d5 8.
cxd5 Bxf1 9. Nxf1 Qxd5 10. f3 Nc6 11. Qa4 b5 12. Qc2 Qc4 13. Ba3 Nd5 14. Rc1 b4
15. cxb4 Qxc2 16. Rxc2 Ncxb4 17. Rc4 a5 18. e4 Nb6 19. Rxc7 O-O 20. Ne3 Rfc8 21.
Rxc8+ Rxc8 22. Kf2 Nd3+ 23. Kg3 g5 24. h4 gxh4+ 25. Rxh4 f6 26. Rh5 e5 27. dxe5
fxe5 28. Nf5 Rc2 29. Rg5+ Kf7 30. Rg7+ Ke6 31. Ne3 Nc4 32. Nxc2 1-0

[Event "24th ch-EUR Indiv w 2024"]
[Site "Rhodes GRE"]
[Date "2024.04.26"]
[Round "7.28"]
[White "Prado Acebo, Ines"]
[Black "Mammadova, Gulnar"]
[Result "1/2-1/2"]
[WhiteTitle "WFM"]
[BlackTitle "IM"]
[WhiteElo "2229"]
[BlackElo "2352"]
[WhiteFideId "22251235"]
[BlackFideId "13403508"]
[EventDate "2024.04.19"]

1. d4 Nf6 2. c4 e6 3. Nf3 d5 4. g3 Bb4+ 5. Bd2 a5 6. Bg2 O-O 7. Qc1 Be7 8. O-O
c6 9. Rd1 Nbd7 10. Bf4 h6 11. b3 a4 12. Nc3 axb3 13. axb3 Rxa1 14. Qxa1 Nh5 15.
Bc1 Nhf6 16. Bf4 Nh5 17. Bc1 Nhf6 18. Bf4 1/2-1/2

[Event "24th ch-EUR Indiv w 2024"]
[Site "Rhodes GRE"]
[Date "2024.04.26"]
[Round "7.29"]
[White "Zawadzka, Jolanta"]
[Black "Ciolacu, Alessia-Mihaela"]
[Result "1/2-1/2"]
[WhiteTitle "WGM"]
[BlackTitle "WIM"]
[WhiteElo "2351"]
[BlackElo "2188"]
[WhiteFideId "1122320"]
[BlackFideId "1252640"]
[EventDate "2024.04.19"]

1. c4 e6 2. Nc3 d5 3. d4 Nf6 4. Nf3 Nbd7 5. cxd5 exd5 6. Bf4 c6 7. Qc2 Be7 8. h3
Nf8 9. e3 Ne6 10. Bh2 g6 11. Bd3 Ng7 12. O-O-O Bf5 13. g4 Bxd3 14. Qxd3 Ne6 15.
Ne5 Ng5 16. Qe2 Bb4 17. h4 Ne6 18. f3 Bxc3 19. bxc3 Qa5 20. Qb2 Rc8 21. Kb1 O-O
22. g5 Nh5 23. Ng4 f6 24. gxf6 Nxf6 25. Bd6 Nxg4 26. Bxf8 Nxe3 27. Rde1 Nc4 28.
Bb4 Qb6 29. Qc1 a5 30. Rxe6 axb4 31. cxb4 Qxd4 32. Rhe1 Qd3+ 33. Ka1 Qd4+ 34.
Kb1 Ra8 35. Re8+ Rxe8 36. Rxe8+ Kf7 37. Rb8 Qd3+ 38. Ka1 Qd4+ 39. Kb1 Qd3+ 40.
Ka1 Qd4+ 1/2-1/2

[Event "24th ch-EUR Indiv w 2024"]
[Site "Rhodes GRE"]
[Date "2024.04.26"]
[Round "7.30"]
[White "Mandura, Tijana"]
[Black "Savina, Anastasia"]
[Result "1/2-1/2"]
[WhiteTitle "WIM"]
[BlackTitle "IM"]
[WhiteElo "2218"]
[BlackElo "2330"]
[WhiteFideId "16500270"]
[BlackFideId "4196872"]
[EventDate "2024.04.19"]

1. e4 c5 2. Nf3 Nc6 3. Bb5 e6 4. Bxc6 bxc6 5. d3 Qc7 6. e5 f6 7. Qe2 fxe5 8.
Nxe5 Nf6 9. Nd2 Be7 10. f4 O-O 11. O-O d6 12. Nec4 Bd7 13. Nf3 Nd5 14. Qe4 Rf5
15. Ne3 Rff8 16. Nc4 Rf5 17. Ne3 Rff8 18. Nc4 Rf5 19. Ne3 1/2-1/2

[Event "24th ch-EUR Indiv w 2024"]
[Site "Rhodes GRE"]
[Date "2024.04.26"]
[Round "7.31"]
[White "Rakhmangulova, Anastasiya"]
[Black "Toma, Katarzyna"]
[Result "0-1"]
[WhiteTitle "WGM"]
[BlackTitle "WGM"]
[WhiteElo "2324"]
[BlackElo "2202"]
[WhiteFideId "14117479"]
[BlackFideId "1119907"]
[EventDate "2024.04.19"]

1. e4 c5 2. Nf3 Nc6 3. d4 cxd4 4. Nxd4 e5 5. Nb5 d6 6. N1c3 a6 7. Na3 Be7 8. Nd5
Nf6 9. Nxf6+ Bxf6 10. Nc4 Be7 11. Be3 Be6 12. Nb6 Rb8 13. Qd2 O-O 14. c3 h6 15.
h4 Bxh4 16. Bxh6 f5 17. g3 Be7 18. Nd5 fxe4 19. Bg2 Bf5 20. Be3 b5 21. Qc2 Qd7
22. Bxe4 Bxe4 23. Qxe4 Qf5 24. Qxf5 Rxf5 25. Rd1 Bf8 26. Rh4 a5 27. g4 Rf7 28.
Ke2 Ne7 29. Rdh1 Ng6 30. Rh5 Rfb7 31. Kd3 Rc8 32. f3 b4 33. cxb4 axb4 34. Bd2 b3
35. a4 Rc5 36. Ke4 Kf7 37. Rf5+ Ke6 38. Rg5 Rc4+ 39. Ke3 Kxd5 40. Rxg6 Rxa4 41.
Bc3 Rf7 42. Rd1+ Kc5 43. Rd3 Raf4 44. Ke2 Rb7 45. Rg5 Kc6 46. Bd2 Rc4 47. Bc3 e4
48. fxe4 Rxe4+ 49. Re3 Rxe3+ 50. Kxe3 d5 51. Rg6+ Kb5 52. Kd3 Rf7 53. Ke2 Kc4
54. Rc6+ Bc5 55. Be1 d4 56. Bh4 Rd7 57. Rc8 Kd5 58. Kd3 Bd6 59. Ra8 Rf7 60. Rd8
Rf3+ 61. Kd2 Kc6 62. Rc8+ Kb5 63. Rd8 Bf4+ 64. Ke2 Re3+ 65. Kf2 Kc4 66. Rd7 g5
67. Bxg5 Bxg5 68. Rg7 Bh4+ 69. Kg2 Kd3 70. Rh7 Rg3+ 0-1

[Event "24th ch-EUR Indiv w 2024"]
[Site "Rhodes GRE"]
[Date "2024.04.26"]
[Round "7.32"]
[White "Jarocka, Liwia"]
[Black "Melia, Salome"]
[Result "0-1"]
[WhiteTitle "FM"]
[BlackTitle "IM"]
[WhiteElo "2212"]
[BlackElo "2322"]
[WhiteFideId "21807558"]
[BlackFideId "13602446"]
[EventDate "2024.04.19"]

1. e4 c5 2. Nf3 Nf6 3. Nc3 d5 4. exd5 Nxd5 5. Bb5+ Bd7 6. Bxd7+ Qxd7 7. O-O Nc6
8. Re1 e6 9. d4 cxd4 10. Nxd4 Nxc3 11. bxc3 Be7 12. Bf4 O-O 13. Re3 Rfd8 14. Rd3
Nxd4 15. cxd4 Rac8 16. Be5 Bd6 17. Qg4 Bxe5 18. dxe5 Qb5 19. Rxd8+ Rxd8 20. Rd1
Rxd1+ 21. Qxd1 h6 22. Qa1 Qe2 23. Qb1 Qxe5 24. g3 Qd5 25. a4 b6 26. c3 Qc4 27.
Qa1 Qb3 28. h4 a5 29. Kg2 e5 30. Kh2 e4 31. Kg1 Qc2 32. Qa3 Qd1+ 33. Kh2 Qd2 34.
Kg1 e3 35. fxe3 Qxe3+ 36. Kh2 Qf2+ 37. Kh3 h5 38. Qe7 Qf5+ 39. Kh2 Qc2+ 40. Kh3
Qxa4 41. Qd8+ Kh7 42. Qxb6 Qg4+ 43. Kg2 Qe2+ 44. Kg1 Qe1+ 45. Kg2 Qd2+ 46. Kh3
Qxc3 47. Qb5 g6 48. Qb7 Kg7 49. Qa7 Qa1 0-1

[Event "24th ch-EUR Indiv w 2024"]
[Site "Rhodes GRE"]
[Date "2024.04.26"]
[Round "7.33"]
[White "Antolak, Julia"]
[Black "Markantonaki, Haritomeni"]
[Result "1/2-1/2"]
[WhiteTitle "WGM"]
[BlackTitle "WFM"]
[WhiteElo "2309"]
[BlackElo "2167"]
[WhiteFideId "1159569"]
[BlackFideId "4207050"]
[EventDate "2024.04.19"]

1. c4 e6 2. Nc3 d5 3. d4 Bb4 4. cxd5 exd5 5. Bf4 Nf6 6. e3 O-O 7. Bd3 c5 8. Ne2
c4 9. Bc2 Nc6 10. O-O Bd6 11. Bxd6 Qxd6 12. b3 Na5 13. bxc4 Nxc4 14. Rb1 b6 15.
Bd3 Re8 16. Ng3 Bg4 17. Nce2 Qa3 18. h3 Bd7 19. Bxc4 dxc4 20. Qd2 b5 21. Rfc1
Rac8 22. e4 Nxe4 23. Nxe4 Rxe4 24. Nc3 Ree8 25. Nxb5 Bxb5 26. Rxb5 c3 27. Qd1
Qxa2 28. Rc5 Qd2 29. Qxd2 cxd2 30. Rxc8 dxc1=Q+ 31. Rxc1 g6 1/2-1/2

[Event "24th ch-EUR Indiv w 2024"]
[Site "Rhodes GRE"]
[Date "2024.04.26"]
[Round "7.34"]
[White "Levitan, Ronit"]
[Black "Heinemann, Josefine"]
[Result "1/2-1/2"]
[WhiteTitle "WFM"]
[BlackTitle "WGM"]
[WhiteElo "2187"]
[BlackElo "2303"]
[WhiteFideId "2815109"]
[BlackFideId "12900460"]
[EventDate "2024.04.19"]

1. e4 c5 2. Nf3 d6 3. d4 cxd4 4. Qxd4 Nc6 5. Qd3 g6 6. Nc3 Bg7 7. Be2 Nf6 8. O-O
O-O 9. Nd5 Nxd5 10. exd5 Ne5 11. Nxe5 Bxe5 12. c3 Bd7 13. a4 b6 14. Be3 Qc7 15.
Qd2 e6 16. Rfd1 exd5 17. Bf3 Rae8 18. Bxd5 Bg4 19. Re1 Be6 20. Rad1 Bg4 21. Ra1
Be6 22. h3 Bg7 23. Red1 Rd8 24. Qe2 Rfe8 25. Qf3 Bxd5 26. Rxd5 Re5 27. Bf4 Rxd5
28. Qxd5 Qc5 29. Rd1 Bf8 30. Be3 Qxd5 31. Rxd5 f5 32. a5 bxa5 33. Rxa5 Rb8 34.
b4 Bg7 35. Bxa7 Rb7 36. Ra3 Bxc3 37. Rxc3 Rxa7 38. Rc6 Rb7 39. Rxd6 1/2-1/2

[Event "24th ch-EUR Indiv w 2024"]
[Site "Rhodes GRE"]
[Date "2024.04.26"]
[Round "7.35"]
[White "Skuhala, Barbara"]
[Black "Zherebtsova, Alexandra"]
[Result "0-1"]
[WhiteTitle "WFM"]
[BlackTitle "WFM"]
[WhiteElo "2162"]
[BlackElo "2302"]
[WhiteFideId "14605465"]
[BlackFideId "24129518"]
[EventDate "2024.04.19"]

1. e4 e5 2. Nf3 Nc6 3. Bc4 Nf6 4. Ng5 d5 5. exd5 Na5 6. Bb5+ c6 7. dxc6 bxc6 8.
Bd3 Nd5 9. Nf3 Bd6 10. O-O O-O 11. Re1 Re8 12. Nc3 f5 13. Nxd5 cxd5 14. Bb5 Bd7
15. Bxd7 Qxd7 16. d3 Nc6 17. c3 Kh8 18. Bd2 e4 19. dxe4 fxe4 20. Nd4 Ne5 21. Qh5
Nd3 22. Reb1 Re5 23. Qe2 Rf8 24. Be3 Qf7 25. g3 Qg6 26. Rf1 Re7 27. Rad1 Ne5 28.
f4 exf3 29. Nxf3 Nc4 30. Nh4 Rxf1+ 31. Qxf1 Qe8 32. Bf2 Rf7 33. Qe1 Qc6 34. Qe6
Rxf2 35. Ng6+ hxg6 36. Qh3+ Kg8 37. Kxf2 Bc5+ 38. Kf1 0-1

[Event "24th ch-EUR Indiv w 2024"]
[Site "Rhodes GRE"]
[Date "2024.04.26"]
[Round "7.36"]
[White "Kochavi, Dana"]
[Black "Rudzinska, Michalina"]
[Result "1/2-1/2"]
[WhiteTitle "WFM"]
[BlackTitle "WIM"]
[WhiteElo "2084"]
[BlackElo "2302"]
[WhiteFideId "2837137"]
[BlackFideId "1172883"]
[EventDate "2024.04.19"]

1. e4 c5 2. Nf3 d6 3. d4 cxd4 4. Nxd4 Nf6 5. Nc3 a6 6. Bc4 e6 7. Be3 b5 8. Bb3
Be7 9. O-O O-O 10. f3 Qc7 11. a3 Nc6 12. Nxc6 Qxc6 13. Qe1 Bb7 14. Rd1 Nd7 15.
Qg3 Rfd8 16. Bh6 g6 17. Kh1 Nc5 18. Qf4 Nxb3 19. cxb3 a5 20. Ne2 b4 21. Nd4 Qc5
22. Qg4 Qc8 23. Rc1 Qd7 24. Bg5 Rdc8 25. a4 Rc5 26. Be3 Rac8 27. Rcd1 Ba6 28.
Rf2 R5c7 29. h3 h5 30. Qg3 Kh7 31. f4 f5 32. exf5 exf5 33. Nf3 Qe6 34. Rfd2 Rc1
35. Ng5+ Bxg5 36. fxg5 Rxd1+ 37. Rxd1 Rc6 38. Bf4 d5 39. Re1 Qd7 40. Be5 Re6 41.
Bd4 f4 42. Qf2 Re4 43. Bb6 f3 44. Rxe4 dxe4 45. Qd4 Qf5 46. Qf6 fxg2+ 47. Kxg2
Bf1+ 48. Kg1 Qxf6 49. gxf6 Bxh3 50. Bxa5 g5 51. Bxb4 Kg6 52. Bc3 Bd7 53. Kf2 h4
54. Ke3 Bc6 55. b4 g4 56. b5 Bb7 57. Kf4 h3 58. Kg3 e3 59. a5 Kf7 60. a6 Bc8 61.
b3 Ke6 62. b4 Kf7 63. Kh2 1/2-1/2

[Event "24th ch-EUR Indiv w 2024"]
[Site "Rhodes GRE"]
[Date "2024.04.26"]
[Round "7.37"]
[White "Atalik, Ekaterina"]
[Black "Szente Varga, Fruzsina"]
[Result "1-0"]
[WhiteTitle "IM"]
[BlackTitle "WFM"]
[WhiteElo "2406"]
[BlackElo "2025"]
[WhiteFideId "4130189"]
[BlackFideId "712264"]
[EventDate "2024.04.19"]

1. c4 Nf6 2. Nf3 g6 3. b3 Bg7 4. Bb2 O-O 5. g3 c6 6. Bg2 d5 7. O-O Bg4 8. d3 Qc8
9. Nc3 Bh3 10. Rc1 Bxg2 11. Kxg2 Qd8 12. Qc2 Na6 13. a3 d4 14. Nb1 c5 15. b4 Nd7
16. e3 e5 17. exd4 cxd4 18. Nbd2 Nc7 19. c5 Ne6 20. Nc4 g5 21. Nd6 Qc7 22. Qb3
g4 23. Nh4 b6 24. f4 exf4 25. gxf4 bxc5 26. Nhf5 Nf6 27. Rce1 Rad8 28. bxc5 Rb8
29. Qa2 Qxc5 30. Kg1 Nh5 31. Bc1 Rb6 32. Nxg7 Nexg7 33. Nc4 Re6 34. Re5 Qe7 35.
a4 Qh4 36. Ba3 Rb8 37. f5 Rxe5 38. Nxe5 g3 39. Qxf7+ Kh8 40. Qa2 Qxh2+ 41. Qxh2
gxh2+ 42. Kxh2 Ne8 43. Bc5 Nef6 44. Bxd4 Rb7 45. a5 Kg8 46. Rc1 Re7 47. Rc8+ Kg7
48. Ra8 Kh6 49. Be3+ Kg7 50. Rxa7 Rxa7 51. Bxa7 Nf4 52. Bd4 Kf8 53. a6 N4d5 54.
a7 Nc7 55. Nc4 Nfd5 56. Nb6 Nxb6 57. Bxb6 Na8 58. Ba5 Kg7 59. Kg3 Kf6 60. Kf4 1-0

[Event "24th ch-EUR Indiv w 2024"]
[Site "Rhodes GRE"]
[Date "2024.04.26"]
[Round "7.38"]
[White "Hajiyeva, Laman"]
[Black "Yao, Lan"]
[Result "0-1"]
[WhiteTitle "WFM"]
[BlackTitle "WGM"]
[WhiteElo "2114"]
[BlackElo "2370"]
[WhiteFideId "13415875"]
[BlackFideId "8610835"]
[EventDate "2024.04.19"]

1. e4 c5 2. Nf3 e6 3. d4 cxd4 4. Nxd4 Nc6 5. Nc3 Qc7 6. g3 a6 7. Bg2 Nf6 8. O-O
Nxd4 9. Qxd4 Bc5 10. Bf4 d6 11. Qd2 h6 12. Rad1 e5 13. Be3 Bxe3 14. fxe3 Be6 15.
Qxd6 Rc8 16. Rf2 Qxd6 17. Rxd6 Rxc3 18. bxc3 Nd7 19. a4 Kd8 20. a5 Kc7 21. Rfd2
Nb8 22. Bf1 Nc6 23. c4 Nxa5 24. c5 Nc6 25. h4 Nb8 26. Kh2 Nd7 27. c6 bxc6 28.
Rxd7+ Bxd7 29. Bxa6 Be6 30. Bf1 Ra8 31. Kg1 Ra1 32. Kf2 Rc1 33. Be2 Kb6 34. g4
Kc5 35. g5 hxg5 36. hxg5 g6 37. c4 Rh1 38. Ra2 Bxc4 39. Bxc4 Kxc4 40. Rc2+ Kb5
41. Rb2+ Ka6 42. Ra2+ Kb6 43. Rb2+ Kc7 44. Kf3 Rh3+ 45. Kg2 Rh5 0-1

[Event "24th ch-EUR Indiv w 2024"]
[Site "Rhodes GRE"]
[Date "2024.04.26"]
[Round "7.39"]
[White "Abdinova, Narmin"]
[Black "Urh, Zala"]
[Result "1-0"]
[BlackTitle "WIM"]
[WhiteElo "2087"]
[BlackElo "2263"]
[WhiteFideId "13425340"]
[BlackFideId "14611481"]
[EventDate "2024.04.19"]

1. c4 e5 2. Nc3 d6 3. g3 f5 4. d4 Be7 5. dxe5 dxe5 6. Qxd8+ Bxd8 7. Bg2 c6 8. e4
g6 9. Nf3 Bc7 10. O-O Be6 11. exf5 gxf5 12. Re1 Nd7 13. Bf4 exf4 14. Ng5 Nf8 15.
Nxe6 Nxe6 16. Rxe6+ Kf7 17. Rae1 fxg3 18. hxg3 f4 19. Bh3 fxg3 20. fxg3 Bxg3 21.
Rf1+ Kg7 22. Ne4 Bh4 23. Nd6 Nh6 24. Kh1 Bg5 25. Rg1 Nf7 26. Nxf7 Kxf7 27. Rxg5
Rhg8 28. Rge5 Rad8 29. Re7+ Kf8 30. Rd7 Rxd7 31. Bxd7 Rg3 32. Re8+ Kf7 33. Rb8
b6 34. Bxc6 h5 35. Rb7+ Kg6 36. Rxa7 h4 37. Rb7 1-0

[Event "24th ch-EUR Indiv w 2024"]
[Site "Rhodes GRE"]
[Date "2024.04.26"]
[Round "7.40"]
[White "Tsirulnik, Maritsa"]
[Black "Berend, Elvira"]
[Result "1/2-1/2"]
[BlackTitle "WGM"]
[WhiteElo "2082"]
[BlackElo "2260"]
[WhiteFideId "14118688"]
[BlackFideId "4000510"]
[EventDate "2024.04.19"]

1. d4 Nf6 2. c4 e6 3. g3 d5 4. Nf3 dxc4 5. Bg2 c5 6. O-O Nc6 7. Qa4 Bd7 8. Qxc4
b5 9. Qd3 c4 10. Qd1 Rc8 11. Bf4 Be7 12. Nc3 Nb4 13. Ne5 Nbd5 14. Nxd7 Qxd7 15.
Be5 O-O 16. e4 Nxc3 17. bxc3 a5 18. a3 Rfd8 19. Qe2 Ne8 20. Rfb1 Bf8 21. g4 b4
22. axb4 axb4 23. cxb4 c3 24. b5 c2 25. Rc1 f6 26. Bf4 Qxd4 27. Ra2 Nd6 28.
Raxc2 Rxc2 29. Rxc2 Nxb5 30. Be3 Qd1+ 31. Qxd1 Rxd1+ 32. Bf1 Nd4 33. Rc8 Nf3+
34. Kg2 Nh4+ 35. Kg3 Rxf1 36. Kxh4 Kf7 37. Rc7+ Ke8 38. Rc1 1/2-1/2